Bez příkras a mylných očekávání : koučink

Čo je a čo nie je koučing. Prečo je koučing efektívny.

Gespeichert in:
Bibliographische Detailangaben
1. Verfasser: Tuka, Vladimír
Format: Buchkapitel
Sprache:Tschechisch
Schlagworte:
Tags: Tag hinzufügen
Keine Tags, Fügen Sie das erste Tag hinzu!

MARC

LEADER 00000naa$a2200000$$$4500
001 0091122
005 20231113131830.8
041 0 |a cze 
044 |a CZ 
245 1 0 |a Bez příkras a mylných očekávání : koučink  |c Vladimír Tuka 
520 |a Čo je a čo nie je koučing. Prečo je koučing efektívny. 
610 2 0 |a koučovanie 
610 2 0 |a definície 
610 2 0 |a efektívnosť 
100 1 |a Tuka, Vladimír